LEADER 02019nam 2200589Ia 450 001 9910452209403321 005 20200520144314.0 010 $a0-8166-5259-7 035 $a(CKB)1000000000472705 035 $a(EBL)310128 035 $a(OCoLC)476092774 035 $a(SSID)ssj0000397214 035 $a(PQKBManifestationID)11248561 035 $a(PQKBTitleCode)TC0000397214 035 $a(PQKBWorkID)10356487 035 $a(PQKB)10579691 035 $a(MiAaPQ)EBC310128 035 $a(OCoLC)191944381 035 $a(MdBmJHUP)muse38770 035 $a(Au-PeEL)EBL310128 035 $a(CaPaEBR)ebr10167217 035 $a(CaONFJC)MIL522951 035 $a(OCoLC)935263948 035 $a(EXLCZ)991000000000472705 100 $a19861023d1964 uy 0 101 0 $aeng 135 $aur|n|---||||| 181 $ctxt 182 $cc 183 $acr 200 10$aAmbrose Bierce$b[electronic resource] 210 $aMinneapolis, MN $cUniversity of Minnesota Press$d1964 215 $a1 online resource (49 p.) 225 1 $aUniversity of Minnesota pamphlets on American writers ;$vno. 37 300 $aDescription based upon print version of record. 311 $a0-8166-0322-7 320 $aBibliography: p. 48. 327 $aAmbrose Bierce; Selected Bibliography 330 $aMANY know him, but no one knows very much about him. This might have been said of Ambrose Bierce in his own time, and it can be said with as much justice today. Bierce remains an enigmatic figure; most of what has been recorded about the man mingles fact and legend... 410 0$aUniversity of Minnesota pamphlets on American writers ;$vno. 37. 606 $aAuthors, American$vBiography 608 $aElectronic books. 615 0$aAuthors, American 676 $a823/.914 700 $aWiggins$b Robert A$0912983 801 0$bMiAaPQ 801 1$bMiAaPQ 801 2$bMiAaPQ 906 $aBOOK 912 $a9910452209403321 996 $aAmbrose Bierce$92045100 997 $aUNINA